| 000 | 00908nam a22002177a 4500 | ||
|---|---|---|---|
| 999 |
_c11892 _d11892 |
||
| 003 | AR-CdUCM | ||
| 008 | 190405b ||||| |||| 00| 0 spa d | ||
| 040 |
_aMUNICIPALIDAD PROVINCIAL DEL CUSCO _cBIBLIOTECA MUNICIPAL DEL CUSCO |
||
| 082 |
_a861.34 / _bO15 / 1838 |
||
| 100 |
_aOchoa , Eugenio de _929492 |
||
| 245 |
_aTesoro de los romanceros y cancioneros españoles : _bhistóricos, caballerescos, moriscos y otros / |
||
| 260 |
_aParís : _bLibr. europea de baudry, _c1838. |
||
| 300 |
_a582 páginas ; _c22 cm. |
||
| 440 |
_aColección de los mejores autores españoles ; _nXVI _929493 |
||
| 505 | _aContenido:Romances caballerescos e históricos -- Coplas y canciones de arte menor -- Romances moriscos -- Romances varios de diferentes géneros ... | ||
| 650 |
_aLiteratura española _9362 |
||
| 650 |
_aGenero _91111 |
||
| 650 |
_aRomances _916418 |
||
| 942 |
_2ddc _cLIBROS |
||
| 945 |
_aacv _d05/04/2019 |
||